000 ncm a22 a 4500
999 _c351997
_d351997
003 BLK
005 20200407091115.0
008 200407b bu ||||| |||| 00| 0 bu d
040 _aBLK
041 _aBUL
_cBUL
080 _aКларинет, баскларинет, басетхорн
_b788.6
_z788.6
100 _9403913
_aВидерман, Людвиг
_eпърви автор
139 _aВидерман, Людвиг
_bВ 57
245 _a75 Etuden fur Klarinette [нотирана музика]
_cLudwig Wiedemann
257 _aDEU
260 _9402906
_aLeipzig
_bBreitkopf & Härtel
_c1986
300 _a105 с.
_c30 см
380 _a7
650 0 _9353811
_aКларинет - етюди, гами
653 7 _9188643
_aкларинети
653 7 _9186510
_aетюди
852 _aЦб М ІІ 4637
_bИП
942 _cNOT
_n0
_s1
944 _c2020-04-07
_kВалентина Караджова